| 000 | 01257pam a2200337 a 4500 | ||
|---|---|---|---|
| 001 | 1088804 | ||
| 003 | OSt | ||
| 005 | 20210417113124.0 | ||
| 008 | 920825s1992 caua b 001 0 eng | ||
| 010 | _a 92033105 | ||
| 020 | _a9780156482400 | ||
| 020 | _a0156482401 (pbk.) : | ||
| 040 |
_aDLC _cDLC _dDLC |
||
| 050 | 1 | 0 |
_aPE1585 _b.H36 1990b |
| 080 |
_a811 _bH-41 |
||
| 082 | 0 | 0 |
_a420/.143 _220 |
| 100 | 1 |
_aHayakawa, S. I. _q(Samuel IchiyƩ), _d1906-1992. |
|
| 245 | 1 | 0 |
_aLanguage in thought and action / _cS.I. Hayakawa and Alan R. Hayakawa ; with an introduction by Robert MacNeil. |
| 250 | _a5th [rev.] ed. | ||
| 260 |
_aSan Diego : _bHarcourt Brace Jovanovich, _c1992. |
||
| 300 |
_axvii, 196 p. : _bill. ; _c21 cm. |
||
| 365 | _b16 usd | ||
| 504 | _aIncludes bibliographical references (p. [182]-187) and index. | ||
| 650 | 0 |
_aEnglish language _xSemantics. |
|
| 700 | 1 | _aHayakawa, Alan R. | |
| 710 |
_945 _aHayakawa, S. I. |
||
| 856 | 4 | 2 |
_3Publisher description _uhttp://www.loc.gov/catdir/description/har041/92033105.html |
| 906 |
_a7 _bcbc _corignew _d1 _eocip _f19 _gy-gencatlg |
||
| 942 |
_2udc _cBK _e5 |
||
| 999 |
_c117 _d117 |
||